Plus grandes entreprises françaises - Statistiques

Statistiques générales
  • Ce quiz a été pris 237 fois
  • Le résultat moyen est 10 sur 23
Statistiques - réponses
Classement Réponse Secteur CA Mondial % Correct
118 Crédit Agricole Banque 93
84%
49 EDF Énergie 151
81%
251 Renault Automobile 57
79%
320 Orange Télécom 48
75%
23 TotalÉnergies Énergie 219
72%
64 BNP Paribas Banque 136
66%
122 Carrefour Distribution 91
59%
341 SNCF Transport 45
58%
130 Engie Énergie 89
56%
126 AXA Assurance 90
51%
104 Société Générale Banque 100
49%
166 Vinci Construction 76
39%
337 Crédit Mutuel Banque 45
37%
225 Groupe BPCE Banque 61
37%
119 Christian Dior Luxe 93
35%
297 Sanofi Santé 50
31%
496 Air France KLM Transport 32
27%
348 L'Oréal Luxe 45
25%
308 Veolia Eau 49
25%
387 Schneider Electric Matériaux électriques 39
17%
409 La Poste Télécom 37
15%
284 Saint Gobain Construction 52
8%
431 ELO Group Alimentaire 36
0%
Aucun quiz correspondant
Distribution des résultats
% des personnes avec chaque résultat
Percentile par nombre de réponses
Votre historique - résultats
Vous n’avez pas pris ce quiz